000 00357nam a22001577a 4500
005 20160613154938.0
008 160613b xxu||||| |||| 00| 0 eng d
041 _aeng
082 _b7287
100 _aJain, R.K. and G.K.
_91814
245 _aSatal Adlyan Mala
260 _bSurya Prakash Ind
300 _a144
650 _aManagement
_9241
942 _cBK
999 _c2549
_d2548